Effect of organic mulching on growth and yield of chines kale, ឥទ្ធិពលនៃគម្របសរីរាង្គទៅលើការលូតលាស់ និងទិន្នផលដំណាំខាត់នាដើម (Record no. 24292)

000 -LEADER
fixed length control field 00619nam a22001337a 4500
040 ## - CATALOGING SOURCE
Transcribing agency RUA
082 ## - DEWEY DECIMAL CLASSIFICATION NUMBER
Classification number VEM PET 2022 B1.402 Or.1
100 ## - MAIN ENTRY--AUTHOR NAME
Personal name PET PANG, ប៉ែត ប៉ង់
245 ## - TITLE STATEMENT
Title Effect of organic mulching on growth and yield of chines kale, ឥទ្ធិពលនៃគម្របសរីរាង្គទៅលើការលូតលាស់ និងទិន្នផលដំណាំខាត់នាដើម
260 ## - PUBLICATION, DISTRIBUTION, ETC. (IMPRINT)
Place of publication PHNOM PENH
Name of publisher RUA
Year of publication 2022
300 ## - PHYSICAL DESCRIPTION
Number of Pages x,
Other physical details ill,
Dimensions 29cm,
856 ## - ELECTRONIC LOCATION AND ACCESS
Uniform Resource Identifier https://drive.google.com/file/d/13iCTbymKdgEW9Iz1tETzGpK2MewNW_cw/view?usp=sharing
942 ## - ADDED ENTRY ELEMENTS (KOHA)
Koha item type VEM
952 ## - LOCATION AND ITEM INFORMATION (KOHA)
Withdrawn status [LOCAL, KOHA] 0
952 ## - LOCATION AND ITEM INFORMATION (KOHA)
Withdrawn status [LOCAL, KOHA] 0
952 ## - LOCATION AND ITEM INFORMATION (KOHA)
Withdrawn status [LOCAL, KOHA] 0
Holdings
Koha item type Barcode Lost status Permanent Location Current Location Date acquired Full call number
VEMA080355 Library Block BLibrary Block B2025-02-20VEM PET 2022 B1.402 Or.1
VEMA080259 Library Block BLibrary Block B2025-02-20VEM PET 2022 B1.402 Or.2
VEMA080174 Library Block BLibrary Block B2025-02-20VEM PET 2022 B1.402 Or.3
មជ្ឈមណ្ឌលឯការនៃសាកលវិទ្យាល័យភូមិន្ទកសិកម្មចំការដូង

Powered by Koha